Ekonomika a řízení chemického prumyslu
Saved in:
| Main Author: | |
|---|---|
| Format: | Book |
| Language: | Czech |
| Published: |
Praha
SNTL
1989
|
| Online Access: | View in OPAC |
| Tags: |
No Tags, Be the first to tag this record!
|
MARC
| LEADER | 00000nam a2200000 a 4500 | ||
|---|---|---|---|
| 005 | 20260127134356.0 | ||
| 008 | 000507e1989 cs g cze c | ||
| 035 | |a vtls008452906 | ||
| 035 | |a SAVUKc026038 | ||
| 039 | 9 | |a 200809221112 |b mschk03 |y 200602022337 |z VLOAD | |
| 040 | |a SAVUK |b slo |c SNK |d STUSCHK1 |e AACR2 | ||
| 041 | 1 | |a cze | |
| 044 | |a cs |c CS | ||
| 100 | 1 | |a Filka, Miloslav | |
| 245 | 1 | 0 | |a Ekonomika a řízení chemického prumyslu |c Miloslav Filka |
| 260 | |a Praha |b SNTL |c 1989 | ||
| 300 | |a 245 s. | ||
| 910 | |a savuk | ||
| 910 | |a SCHK95 | ||
| 999 | |c 11207 |d 11207 | ||
| 942 | 0 | 0 | |0 1 |